Zelená syntéza bionanočastíc železa z polyfenolov a flavonoidov následne využitých na biodegradáciu polychlórovaných bifenylov (PCB)
Saved in:
| Main Author: | |
|---|---|
| Other Authors: | |
| Format: | Manuscript Book |
| Language: | Slovak |
| Published: |
2022
|
| Subjects: | |
| Online Access: | http://is.stuba.sk/zp/portal_zp.pl?podrobnosti=157106 |
| Tags: |
No Tags, Be the first to tag this record!
|
MARC
| LEADER | 00000ntm a22000003a 4500 | ||
|---|---|---|---|
| 001 | stuzp90426 | ||
| 003 | SK-STU | ||
| 005 | 20220625211903.8 | ||
| 007 | ta | ||
| 008 | 150427s2015----xo-----f-mn---000-0-slo-d | ||
| 040 | |a STU |b slo | ||
| 041 | 0 | |a slo | |
| 100 | 1 | |a Turanská, Katarína |u 044000 |4 aut |U FCHPT Fakulta chemickej a potravinárskej technológie |T FCHPT Ústav biotechnológie |X 104833 |U C4000 |Y 102 |7 104833 | |
| 242 | 0 | 1 | |a Green synthesis of iron bionanoparticles from polyphenols and flavonoids subsequently used for biodegradation of polychlorinated biphenyls (PCBs) |y eng |
| 245 | 1 | 0 | |a Zelená syntéza bionanočastíc železa z polyfenolov a flavonoidov následne využitých na biodegradáciu polychlórovaných bifenylov (PCB) |
| 260 | |c 2022 | ||
| 650 | 4 | |a degradácia |2 slo | |
| 650 | 4 | |a flavonoidy |2 slo | |
| 650 | 4 | |a kvercetín |2 slo | |
| 650 | 4 | |a kyselina galová |2 slo | |
| 650 | 4 | |a nanočastice |2 slo | |
| 650 | 4 | |a polyfenoly |2 slo | |
| 650 | 4 | |a polychlórované bifenyly |2 slo | |
| 650 | 4 | |a degradation |2 eng | |
| 650 | 4 | |a flavonoids |2 eng | |
| 650 | 4 | |a gallic acid |2 eng | |
| 650 | 4 | |a quercetin |2 eng | |
| 650 | 4 | |a nanoparticles |2 eng | |
| 650 | 4 | |a polyphenols |2 eng | |
| 650 | 4 | |a polychlorinated biphenyls |2 eng | |
| 700 | 1 | |a Dercová, Katarína |u 044000 |k Z1 |4 ths |U FCHPT Fakulta chemickej a potravinárskej technológie |T FCHPT Ústav biotechnológie |X 3334 |U C4000 |Y 102 |7 A000003334 | |
| 856 | 4 | |u http://is.stuba.sk/zp/portal_zp.pl?podrobnosti=157106 | |